000 00888nam a22002177a 4500
999 _c63930
_d63930
005 20251125233104.0
008 s2554 th ||||| |||| 00| 0 tha d
020 _a9786167126517
040 _aNALT
090 _aKI22 ธ339ป 2554
245 1 0 _aประมวลรัษฎากร ฉบับสมบูรณ์ ปี 2554
260 3 _aกรุงเทพฯ :
_bสำนักพัฒนาการบริหารธรรมนิติ,
_c2554
300 _a1 เล่ม ;
_b 24 ซม.
610 _aธรรมนิติ
650 0 4 _aภาษี -- กฎหมายและระเบียบข้อบังคับ
650 0 4 _aรัษฎากร -- 2554
850 _aNALT
856 4 0 _uhttps://hdl.handle.net/20.500.14156/302174
_71
942 _cLB
_2lcc